| 000 | 01042nam a2200253 i 4500 | ||
|---|---|---|---|
| 001 | bg | ||
| 245 | 0 | 0 |
_aNowe tendencje w nauce o organizacji i zarządzaniu : _bmiędzynarodowa konferencja naukowa, Szklarska Poręba, 17-19 września 1998. |
| 260 |
_aWrocław : _bOficyna Wydawnicza Politechniki Warszawskiej, _c1998. |
||
| 300 |
_a359 s. : _brys., wykr. ; _c24 cm. |
||
| 490 | 1 |
_aPrace Naukowe Instytutu Organizacji i Zarządzania Politechniki Wrocławskiej. Konferencje, _x0324-9484 ; _v21 |
|
| 500 | _aW serii gł. nr 68. | ||
| 500 | _aTekst częśc. niem. - Spis treści ang. | ||
| 650 | 9 |
_aZarządzanie _xteoria |
|
| 650 | 9 |
_aOrganizacja _xteoria |
|
| 655 | _aMateriały konferencyjne | ||
| 700 | 1 | _aSZELOCH, Maria | |
| 710 | 0 | _aInstytut Organizacji i Zarządzania Politechniki Wrocławskiej | |
| 830 | 0 |
_aPrace Naukowe Instytutu Organizacji i Zarządzania Politechniki Wrocławskiej. _pKonferencje |
|
| 040 | _cBPK | ||
| 041 | w |
_aplde _gen |
|
| 080 | _a65.01(061) | ||
| 942 | _cKS | ||
| 008 | s pl f |000 0 pol | ||
| 999 |
_c34041 _d34041 |
||
| 856 |
_uhttp://koha.tu.koszalin.pl/cgi-bin/koha/opac-detail.pl?biblionumber=34041 _yKatalog online BPK |
||